Hot, flat and crowded why we need a green revolution - and how it can renew America

Saved in:
Bibliographic Details
Main Author: Friedman, Thomas L.
Format: Book
Language:English
Published: New York Farrar, Straus and Giroux 2008
Subjects:
Tags: Add Tag
No Tags, Be the first to tag this record!

MARC

LEADER 00000nam$a2200000$$$4500
001 0113621
005 20240306135717.5
020 |a 978-0-374-16685-4 
020 |a 0-374-16685-4 
041 0 |a eng 
044 |a US 
245 1 0 |a Hot, flat and crowded  |b why we need a green revolution - and how it can renew America 
264 1 |a New York  |b Farrar, Straus and Giroux  |c 2008 
300 |a 438 s. 
610 2 0 |a spoločnosť 
610 2 0 |a štýl životný 
610 2 0 |a zmeny organizačné 
610 2 0 |a ochrana prostredia životného 
610 2 0 |a politika hospodárska 
610 2 0 |a oživenie 
610 2 0 |a ekológia krajiny 
610 2 0 |a opatrenia racionalizačné 
610 2 0 |a Amerika 
100 1 |a Friedman, Thomas L.